|
|
|
|
| LEADER |
00000nam0a2200000 4500 |
| 001 |
162810 |
| 005 |
20231031160547.0 |
| 035 |
|
|
|a (RuTPU)RU\TPU\book\176594
|
| 090 |
|
|
|a 162810
|
| 100 |
|
|
|a 20090627d1966 km y0rusy50 ca
|
| 101 |
0 |
|
|a rus
|
| 102 |
|
|
|a RU
|
| 105 |
|
|
|a a z 001zy
|
| 200 |
1 |
|
|a Кодирование в технике связи
|f К. А. Мешковский, Н. Е. Кириллов
|
| 210 |
|
|
|a Москва
|c Связь
|d 1966
|
| 215 |
|
|
|a 324 с.
|c ил.
|
| 320 |
|
|
|a Библиогр.: с. 319-324.
|
| 610 |
1 |
|
|a кодирование
|
| 610 |
1 |
|
|a передача информации
|
| 610 |
1 |
|
|a сигналы
|
| 610 |
1 |
|
|a прием
|
| 610 |
1 |
|
|a помехоустойчивость
|
| 610 |
1 |
|
|a коды
|
| 610 |
1 |
|
|a эффект Доплера
|
| 610 |
1 |
|
|a дискретная информация
|
| 610 |
1 |
|
|a декодирование
|
| 675 |
|
|
|a 621.39.01
|v 3
|
| 700 |
|
1 |
|a Мешковский
|b К. А.
|g Константин Александрович
|
| 701 |
|
1 |
|a Кириллов
|b Н. Е.
|g Николай Евгеньевич
|
| 801 |
|
1 |
|a RU
|b 63413507
|c 20090627
|g PSBO
|
| 801 |
|
2 |
|a RU
|b 63413507
|c 20140321
|g RCR
|
| 942 |
|
|
|c BK
|